Democracia y fuerzas armadas en Cuba y Nicaragua: reflexiones en relación al debate latinoamericano /
Gardado en:
| Autor Principal: | |
|---|---|
| Formato: | Texto |
| Etiquetas: |
Engadir etiqueta
Sen Etiquetas, Sexa o primeiro en etiquetar este rexistro!
|
MARC
| LEADER | 00000 a a2200000 04500 | ||
|---|---|---|---|
| 001 | 7724 | ||
| 003 | |||
| 040 | |||
| 100 | |a Benítez Manaut, Raúl | ||
| 245 | |a Democracia y fuerzas armadas en Cuba y Nicaragua: |b reflexiones en relación al debate latinoamericano / |c Raúl Benítez Manaut | ||
| 773 | |g II, número 3; páginas 99-107 | ||
| 999 | |c 30465 |d 30465 | ||
